State Capitals That Beat St. Paul - Statistics

General Stats
  • This quiz has been taken 124 times
  • The average score is 12 of 13
Answer Stats
Rank Category Answer % Correct
10 (t) Farthest from Another State Capital Honolulu | Juneau | Phoenix | Austin | Salt Lake City | Helena | Boise | Santa Fe | Oklahoma City | Madison (t)
99%
9 Closest to Chicago, Illinois Madison | Indianapolis | Lansing | Springfield | Columbus | Frankfort | Des Moines | Jefferson City
99%
10 Closest to the Missouri River Bismarck | Jefferson City | Pierre | Helena | Lincoln | Topeka | Springfield | Des Moines | Indianapolis
96%
6 Coldest Average Temperature Juneau | Bismarck | Montpelier | Helena | Augusta
93%
6 Farthest North Juneau | Olympia | Bismarck | Helena | Salem
93%
8 Most Populous in 1960 Boston | Denver | Atlanta | Indianapolis | Columbus | Phoenix | Oklahoma City
91%
8 Highest GDP Per Capita Boston | Des Moines | Trenton | Madison | Hartford | Denver | Austin
91%
8 Last Alphabetically Trenton | Topeka | Tallahassee | Springfield | Santa Fe | Salt Lake City | Salem
90%
7 Farthest From the Ocean Pierre | Cheyenne | Des Moines | Bismarck | Lincoln | Denver
89%
4 Closest to the Great Lakes Madison | Lansing | Columbus
88%
7 Closest to a State Border Juneau | Trenton | Providence | Cheyenne | Dover | Carson City
85%
4 Most Populous in 1900 Boston | Providence | Indianapolis
82%
4 (t) Longest River Alongside Bismarck | Pierre | Jefferson City | Baton Rouge (t)
77%
No matching quizzes found
Score Distribution
Percent of People with Each Score
Percentile by Number Answered
Your Score History
You have not taken this quiz